00945nam a22002297a 4500999001700000003000900017008004100026040007100067082002400138245005300162260003900215300003000254440004000284505013600324650002800460650002500488650002400513700005000537942001600587945000800603952010400611 c10891d10891AR-CdUCM190402b ||||| |||| 00| 0 spa d aMUNICIPALIDAD PROVINCIAL DEL CUSCOcBIBLIOTECA MUNICIPAL DEL CUSCO a892.4 /bC13 / 1939 aBellezas del Talmud : bantología hebráica / aBuenos Aires :bM. Gleizer,c1939. a221 páginas ;c18.5 cm. aBiblioteca de temas judíos927949 aContenido: El sol y la luna -- La revelación -- Lo sobrenatural -- Demonología -- Principios y ejemplos de virtud religiosa ... aVirtud religiosa927950 aDemonología913843 aSobrenatural927951 aCansinos Assens, Rafael (traducción)927952 2ddccLIBROS aacv 002ddc4070aSCAbSCAcCARTd2019-04-02g40.00o892.4 / C13 / 1939pSCA0001086r2019-04-02yLIBROS